000 00337nam a2200133Ia 4500
008 240624s9999 xx 000 0 und d
041 _aeng
082 _a601 STE
100 _aSTEVENSON MARK
245 _aOPTIMIST S TOUR OF THE FUTURE ONE CURIOU
260 _c2011
_aNew York
_bPenguin
300 _a373 : p. : cm. ; 24
365 _c
_b28
999 _c21305
_d21305